Business research methods and statistics using SPSS (Record no. 77952)

MARC details
000 -LEADER
fixed length control field 01027nam a2200229 a 4500
008 - FIXED-LENGTH DATA ELEMENTS--GENERAL INFORMATION
fixed length control field 100118s2008 ||||||||||||||||| || u
020 ## - INTERNATIONAL STANDARD BOOK NUMBER
International Standard Book Number 9781412945295
050 ## - LIBRARY OF CONGRESS CALL NUMBER
Classification number HD 30.4 Bur
100 ## - MAIN ENTRY--PERSONAL NAME
Personal name Burns, Robert B
245 10 - TITLE STATEMENT
Title Business research methods and statistics using SPSS
Statement of responsibility, etc. Robert B. Burns and Richard A. Burns
260 ## - PUBLICATION, DISTRIBUTION, ETC.
Place of publication, distribution, etc. London:
Name of publisher, distributor, etc. SAGE Publications
Date of publication, distribution, etc. 2008
300 ## - PHYSICAL DESCRIPTION
Extent xii, 544p.: ill.
350 ## -
-- 0.00
650 ## - SUBJECT ADDED ENTRY--TOPICAL TERM
Topical term or geographic name entry element COMPUTING
650 ## - SUBJECT ADDED ENTRY--TOPICAL TERM
Topical term or geographic name entry element BUSINESS--RESEARCH--STATISTICAL METHODS
650 ## - SUBJECT ADDED ENTRY--TOPICAL TERM
Topical term or geographic name entry element BUSINESS--RESEARCH--DATA PROCESSING
650 ## - SUBJECT ADDED ENTRY--TOPICAL TERM
Topical term or geographic name entry element SPSS (COMPUTER FILE)--EXERCISES, PROGRAMS, ETC
650 ## - SUBJECT ADDED ENTRY--TOPICAL TERM
Topical term or geographic name entry element BUSINESS--RESEARCH--METHODOLOGY
700 ## - ADDED ENTRY--PERSONAL NAME
Personal name Burns, Richard A
995 ## -
-- MAIN LIBRARY OPEN ACCESS
-- 0.00
-- 741091
-- CBU-MAIN LIBRARY (Kitwe)
-- 1
-- 0.00
-- HD 30.4 BUR
-- 1
-- AVAILABLE
-- Mar 16, 2010
-- 741091
-- Main Library Open Access Collection
995 ## -
-- MAIN LIBRARY OPEN ACCESS
-- 743902
-- CBU-MAIN LIBRARY (Kitwe)
-- 0.00
-- HD 30.4 Bur
-- 2
-- AVAILABLE
-- Jun 7, 2013
-- 743902
-- Main Library Open Access Collection
999 ## -
-- 77952
-- 77952
Holdings
Withdrawn status Lost status Source of classification or shelving scheme Damaged status Not for loan Permanent Location Current Location Shelving location Date acquired Total Checkouts Full call number Barcode Checked out Date last seen Date last checked out Copy number Price effective from Koha item type
          CBU-MAIN LIBRARY, KITWE. CBU-MAIN LIBRARY, KITWE.   05/03/2023 1 HD 30.4 Bur 741091 03/11/2025 01/09/2025 01/09/2025 1 05/03/2023 MONOGRAPH
          CBU-MAIN LIBRARY, KITWE. CBU-MAIN LIBRARY, KITWE.   05/03/2023   HD 30.4 Bur 743902   05/03/2023   2 05/03/2023 MONOGRAPH